L'organisation d'un service de transfusion sanguine principes directeurs

Uloženo v:
Podrobná bibliografie
Hlavní autor: OMS
Médium: Kniha
Jazyk:Undetermined
Vydáno: Genève OMS 1995
Témata:
Tagy: Přidat tag
Žádné tagy, Buďte první, kdo otaguje tento záznam!
Thư viện lưu trữ: Trung tâm Học liệu Trường Đại học Cần Thơ
LEADER 00537nam a2200181Ia 4500
001 CTU_6415
008 210402s9999 xx 000 0 und d
082 |a 362.17 
082 |b O.68o 
100 |a OMS 
245 0 |a L'organisation d'un service de transfusion sanguine principes directeurs 
245 0 |c OMS 
260 |a Genève 
260 |b OMS 
260 |c 1995 
650 |a national health programmes,primary health care 
904 |i Nguyễn Quang Điền, 960820 
980 |a Trung tâm Học liệu Trường Đại học Cần Thơ